000 00328nam a22001457a 4500
008 230512b ||||| |||| 00| 0 eng d
020 _a9781582555102
041 _aeng
080 _2FIFTH EDITION
_a610.73
082 _a610.73LIP
100 _a9
101 _aINF
245 _aSIGNS SYMPTOMS
_cLIPPINCOTT
942 _2udc
_cBK
999 _c59694
_d59694